QUANTITATIVE APTITUDE FOR THE CAT. (Record no. 14809)

MARC details
000 -LEADER
fixed length control field 00343nam a22001577a 4500
003 - CONTROL NUMBER IDENTIFIER
control field SGT
020 ## - INTERNATIONAL STANDARD BOOK NUMBER
International Standard Book Number 9789332570016
082 ## - DEWEY DECIMAL CLASSIFICATION NUMBER
Classification number 153.94
Item number SIN
100 ## - MAIN ENTRY--PERSONAL NAME
Personal name SINHA,NISHIT.K.
245 ## - TITLE STATEMENT
Title QUANTITATIVE APTITUDE FOR THE CAT.
250 ## - EDITION STATEMENT
Edition statement 4TH
260 ## - PUBLICATION, DISTRIBUTION, ETC. (IMPRINT)
Place of publication, distribution, etc NOIDA
Name of publisher, distributor, etc PEARSON
Year of Publication 2017
300 ## - PAGE DESCRIPTION
No. of Pages 5.27
650 ## - SUBJECT ADDED ENTRY--TOPICAL TERM
Topical term or geographic name as entry element MATHE MATICS
942 ## - ADDED ENTRY ELEMENTS (KOHA)
Source of classification or shelving scheme Dewey Decimal Classification
Koha item type Books
Holdings
Withdrawn status Lost status Source of classification or shelving scheme Damaged status Not for loan Collection code Home library Current library Shelving location Date acquired Vendor Name Cost, normal purchase price SGTU Bill Number Total Checkouts Full call number Accession No. (Barcode) Date last seen Date last borrowed Bill Date Koha item type
    Dewey Decimal Classification     ENGINEERING SGT Engineering Library SGT Engineering Library Text Book 29/01/2018 KIRTI PRAKASHAN (NEW DELHI ) 775.00 SGTU IN1391 3 153.94 SIN FE7131 18/04/2025 04/04/2025   Books
    Dewey Decimal Classification     ENGINEERING SGT Engineering Library SGT Engineering Library Text Book 29/01/2018 KIRTI PRAKASHAN (NEW DELHI ) 775.00 SGTU IN1391 8 153.94 SIN FE7132 01/05/2026 30/03/2026   Books
    Dewey Decimal Classification     ENGINEERING SGT Engineering Library SGT Engineering Library Text Book 29/01/2018 KIRTI PRAKASHAN (NEW DELHI ) 775.00 SGTU IN1391 5 153.94 SIN FE7133 09/05/2025 17/04/2025   Books
    Dewey Decimal Classification     ENGINEERING SGT Engineering Library SGT Engineering Library Text Book 29/01/2018 KIRTI PRAKASHAN (NEW DELHI ) 775.00 SGTU IN1391 6 153.94 SIN FE7134 04/12/2025 24/11/2025   Books
    Dewey Decimal Classification     ENGINEERING SGT Engineering Library SGT Engineering Library Text Book 29/01/2018 KIRTI PRAKASHAN (NEW DELHI ) 775.00 SGTU IN1391 6 153.94 SIN FE7135 22/07/2025 15/05/2023   Books